Statistics for Largest Asian Country by Category

Click here to take the quiz!

General Stats

  • This quiz has been taken 73 times
  • The average score is 11 of 15

Answer Stats

Largest...Country% Correct
entirely in AsiaChina
100%
with land on two continentsRussia
97%
ending in "stan"Kazakhstan
87%
with land entirely on islandsIndonesia
84%
along the Indian OceanIndia
81%
without any land bordersJapan
81%
with less than 25,000 sq km of land in EuropeTurkey
81%
to be bordered by both India and ChinaPakistan
79%
with only one land borderSouth Korea
76%
with a building taller than 700 metresUnited Arab Emirates
73%
with all their coastline on the Persian GulfIraq
70%
whose sole two neighbours both have populations of over 1 billionNepal
70%
entirely below the equatorTimor-Leste
66%
with an internationally shared islandSaudi Arabia
33%
to use UTC +4Oman
13%

Score Distribution

Percentile by Number Answered

Percent of People with Each Score

Your Score History

You have not taken this quiz